[Event "Regionalliga West 1718 (Women)"]
[Site "Germany"]
[Date "2017.12.17"]
[Round "3.1"]
[White "Muedder, Melanie"]
[Black "Strauss, Zinaida"]
[Result "1-0"]
[WhiteElo "1798"]
[BlackElo "1864"]
[PlyCount "41"]
[EventDate "2017.10.15"]
[EventType "team-tourn"]
[EventRounds "5"]
[EventCountry "GER"]
[SourceTitle "CBM 183 Extra"]
[Source "ChessBase"]
[SourceDate "2018.04.19"]
[SourceVersion "1"]
[SourceVersionDate "2018.04.19"]
[SourceQuality "1"]
[WhiteTeam "Solingen (W)"]
[BlackTeam "Dortmund (W)"]
[WhiteTeamCountry "GER"]
[BlackTeamCountry "GER"]

1. e4 c5 2. Nf3 Nc6 3. d4 cxd4 4. Nxd4 g6 5. Nc3 Bg7 6. Be3 e6 7. Ndb5 Bxc3+ 8. bxc3 d5 9. exd5 exd5 10. Bf4 Be6 11. Nc7+ Ke7 12. Nxa8 Qxa8 13. c4 Nf6 14. Bg5 Re8 15. Qf3 Bf5 16. 0-0-0 h6 17. Qa3+ Ke6 18. cxd5+ Nxd5 19. Bf4 Rd8 20. Bc4 Nce7 21. Qe3+ 1-0